El malestar con las migraciones : perspectivas desde el sur

En «El Malestar con las Migraciones», el autor ofrece un modelo de entendimiento teórico que confronta el actual malestar que se genera en las sociedades desarrolladas respecto a las migraciones internacionales. El dilema político al que se enfrentan las sociedades avanzadas es que para asegurar su...

Full description

Bibliographic Details
Main Author: Canales Cerón, Alejandro
Format: Libro
Language:Spanish
Published: Madrid : Anthropos, 2021.
Series:Cuadernos A. Temas de innovación social 52
Subjects:
Online Access:

MARC

LEADER 00000nam a22000007a 4500
003 UAHC
005 20250422064308.0
008 250421s2021 sp |||| |||| 00| 0 spa d
020 |a 9788417556556 
035 |a CENTRAL 
040 |a UAHC  |c UAHC 
082 |2 21  |a 304.8  |b C212 
100 |a Canales Cerón, Alejandro  |9 11355 
245 |a El malestar con las migraciones :   |b perspectivas desde el sur  |c Alejandro I. Canales. 
260 |a Madrid :  |b Anthropos,  |c 2021. 
300 |a 301 páginas. 
440 |a Cuadernos A. Temas de innovación social  |v 52  |9 21449 
520 |a En «El Malestar con las Migraciones», el autor ofrece un modelo de entendimiento teórico que confronta el actual malestar que se genera en las sociedades desarrolladas respecto a las migraciones internacionales. El dilema político al que se enfrentan las sociedades avanzadas es que para asegurar su reproducción social, económica y demográfica, deben necesariamente estar abiertas a la inmigración, pero esto conlleva la posibilidad de convertirse en sociedades multiculturales donde la hegemonía política de las actuales mayorías étnicas y demográficas se subviertan radicalmente. Esta es una de las bases más importantes de un conflicto político cuyos signos ya se advierten en el actual contexto político, caracterizado por el resurgimiento del racismo y la xenofobia en Europa y Estados Unidos. 
650 0 |a Emigración e inmigración  |9 286 
650 0 |a Multiculturalismo  |9 2092 
650 0 |a Emigración e inmigración  |x Aspectos sociales  |9 21450 
653 |a Colección Interculturalidad 
942 |2 ddc  |c BK 
952 |0 0  |1 0  |2 ddc  |4 0  |6 304_800000000000000_CAN  |7 0  |8 COMP  |9 100733  |a BC  |b BC  |c Interculturalidad  |d 2025-04-21  |e Donación  |g 27562.00  |l 0  |o 304.8 CAN  |p 1444894  |r 2025-11-26 00:00:00  |t 2  |w 2025-04-21  |y BK 
952 |0 0  |1 0  |2 ddc  |4 0  |6 304_800000000000000_CAN  |7 0  |8 COMP  |9 100734  |a BC  |b BC  |c Interculturalidad  |d 2025-04-21  |e Donación  |g 27562.00  |l 0  |o 304.8 CAN  |p 1444893  |r 2025-11-26 00:00:00  |t 1  |w 2025-04-21  |y BK 
999 |c 62571  |d 62571